[Event "BCF-chT4S 1819 (4NCL)"]
[Site "England"]
[Date "2019.01.12"]
[Round "3.25"]
[White "Hurley, Jake1111"]
[Black "Pentakota, Rajasekhar"]
[Result "0-1"]
[WhiteElo "1929"]
[BlackElo "1937"]
[PlyCount "109"]
[EventDate "2018.11.17"]
[EventType "team-swiss"]
[EventRounds "11"]
[EventCountry "ENG"]
[SourceTitle "EXT 2021"]
[Source "ChessBase"]
[SourceDate "2020.10.23"]
[SourceVersion "1"]
[SourceVersionDate "2020.10.23"]
[SourceQuality "1"]
[WhiteTeam "West is Best III"]
[BlackTeam "Wessex II"]
[WhiteTeamCountry "ENG"]
[BlackTeamCountry "ENG"]

1. e4 c5 2. Nf3 e6 3. d3 Nc6 4. Nbd2 Qc7 5. g3 Nf6 6. Bg2 Be7 7. 0-0 0-0 8. Re1 d6 9. a4 b6 10. Nc4 Bb7 11. Bf4 Nh5 12. Bd2 Nf6 13. Bc3 a6 14. a5 b5 15. Ne3 b4 16. Bxf6 Bxf6 17. Nc4 d5 18. e5 Be7 19. Ncd2 Nxa5 20. h4 Nc6 21. c3 a5 22. d4 c4 23. Bh3 b3 24. Kg2 Na7 25. Rh1 Nb5 26. Ng5 g6 27. Qg4 h5 28. Qf4 Bxg5 29. Qxg5 Kh7 30. Nf3 Qd8 31. Qf4 Bc8 32. g4 f6 33. gxh5 gxh5 34. Kf1 a4 35. Rg1 a3 36. exf6 Qxf6 37. Ng5+ Kh8 38. Qxf6+ Rxf6 39. Ke2 Bd7 40. f3 Rff8 41. Kd2 axb2 42. Rab1 Ra2 43. Bxe6 Bxe6 44. Nxe6 Rxf3 45. Rg5 Rd3+ 46. Ke1 Re3+ 47. Kf2 Rxe6 48. Kf3 Rf6+ 49. Ke3 Nxc3 50. Rbg1 b1Q 51. Rg8+ Kh7 52. Rh8+ Kxh8 53. Rg8+ Kh7 54. Rh8+ Kg6 55. Rxh5 0-1